[Event "DEM U18w 2016"]
[Site "Willingen GER"]
[Date "2016.05.21"]
[Round "9"]
[White "Eggert, Daniela"]
[Black "Silber, Stefanie"]
[Result "1-0"]
[Termination "normal"]
[Board "11"]
[WhiteElo "1688"]
[BlackElo "1599"]
[PlyCount "73"]
[WhiteFideId "12991490"]
[BlackFideId "12918245"]
[EventCountry "GER"]
[EventRounds "9"]
[EventType "swiss"]
[EventDate "2016.05.14"]

1. Nf3 Nf6 2. g3 e6 3. Bg2 d5 4. d4 Be7 5. O-O O-O 6. c4 c5 7. dxc5 Bxc5 8. Qc2
Qc7 9. Bf4 Bd6 10. Bxd6 Qxd6 11. c5 Qc7 12. Nbd2 Nc6 13. a3 b6 14. Rac1 Bb7 15.
b4 a6 16. e4 dxe4 17. Ng5 Nd4 18. Qc4 Qe5 19. Ngxe4 Nxe4 20. Nxe4 Bxe4 21. Rfe1
Qf6 22. Bxe4 Nf3+ 23. Bxf3 Qxf3 24. cxb6 Qb7 25. Qc7 Rfb8 26. Rc6 g6 27. Rec1
Qxc7 28. bxc7 Rc8 29. a4 Kf8 30. b5 axb5 31. axb5 Ra7 32. b6 Rb7 33. Ra1 Ke7
34. Ra7 Rxa7 35. bxa7 Kd7 36. Rc1 f6 37. Rd1+ 1-0

[Event "DEM U18w 2016"]
[Site "Willingen GER"]
[Date "2016.05.21"]
[Round "9"]
[White "Rösler, Hannah"]
[Black "Döpper, Anna Bérénice"]
[Result "0-1"]
[Termination "normal"]
[Board "12"]
[WhiteElo "1400"]
[BlackElo "1821"]
[PlyCount "120"]
[WhiteFideId "12983500"]
[BlackFideId "1271853"]
[EventCountry "GER"]
[EventRounds "9"]
[EventType "swiss"]
[EventDate "2016.05.14"]

1. e4 e6 2. d4 d5 3. Nc3 Nf6 4. e5 Nfd7 5. f4 c5 6. Nf3 Nc6 7. Be3 Be7 8. Qd2
O-O 9. Be2 b6 10. O-O f6 11. exf6 Nxf6 12. Rae1 Ng4 13. Bb5 Nxe3 14. Qxe3 Nxd4
15. Qd2 Nxf3+ 16. Rxf3 c4 17. Bc6 Rb8 18. Qe2 Bc5+ 19. Kh1 Qc7 20. Bxd5 exd5
21. Nxd5 Qf7 22. Ne3 Bb7 23. Rg3 Rfe8 24. Qf1 Bxe3 25. Rgxe3 Rxe3 26. Rxe3 Rd8
27. Qe2 Qxf4 28. h3 Rf8 29. Re7 Qf1+ 30. Kh2 Qxe2 31. Rxe2 Kf7 32. Kg3 Re8 33.
Rf2+ Ke7 34. c3 Rf8 35. Rd2 Rf6 36. Kh2 Rd6 37. Re2+ Kd7 38. h4 Re6 39. Rf2 Be4
40. Rf7+ Re7 41. Rf1 Bd3 42. Rf2 Ke8 43. b4 Re2 44. Rxe2+ Bxe2 45. a3 Ke7 46.
Kg3 a5 47. bxa5 bxa5 48. Kf4 a4 49. Ke5 Bd1 50. g3 h6 51. Kf5 Kf7 52. Ke5 Kg6
53. Ke6 Kh5 54. Kf5 g5 55. hxg5 hxg5 56. Kf6 Kg4 57. Kg6 Kxg3 58. Kxg5 Kf3 59.
Kf5 Ke3 60. Ke5 Kd3 0-1